Jeppy on Flags #2 - Statistics

General Stats
  • This quiz has been taken 21,016 times
  • The average score is 14 of 16
Answer Stats
Picture Answer % Correct
Germany
98%
Australia
97%
China
97%
Georgia
94%
Iceland
93%
Uruguay
93%
Albania
92%
Sri Lanka
92%
Nepal
90%
Lebanon
88%
Kosovo
87%
Uganda
87%
Uzbekistan
82%
Papua New Guinea
79%
Zambia
76%
Antigua & Barbuda
72%
No matching quizzes found
Score Distribution
Percent of People with Each Score
Percentile by Number Answered
Your Score History
You have not taken this quiz